| 000 | 00560nam a2200181Ia 4500 | ||
|---|---|---|---|
| 003 | SISC | ||
| 005 | 20170119100724.0 | ||
| 008 | 140527s9999 xx 000 0 und d | ||
| 020 | _a9789712362637 | ||
| 050 |
_aHD 31 _b.At88 2012 |
||
| 100 | _aAtienza, Rumel Valenton. | ||
| 245 |
_aTransformative organization management / _cRumel Valenton Atienza. |
||
| 260 |
_aManila : _bRex Book Store, _c2012. |
||
| 300 |
_a198 pages : _billustrations ; _c28 cm. _e1 CD-ROM (4 3/4 in.). |
||
| 500 | _aIncludes references. | ||
| 942 |
_kLOC _cBK _2lcc |
||
| 999 |
_c117531 _d117531 |
||